000 00293nam a22001337a 4500
008 180920b xxu||||| |||| 00| 0 eng d
020 _a9780138486723
041 _aeng
080 _24th
_a330.722.6
100 _a61
101 _aKF
245 _aAccounting
_cHorngren,Ch,T
942 _2udc
_cBK
999 _c48105
_d48105